000 00337 a2200157 4500
001 67284
020 _a8587826662
040 _cAnchieta - Pituba
100 _aCamardelli, Yasmim Manatta
240 1 0 _aVida em versos
_lpor
245 1 0 _aVida em versos
300 _a66
362 0 _a2006
650 4 _aPoesia brasileira
942 _cBK
999 _c67284
_d67284